000 00675nam a2200205Ia 4500
005 20260121110347.0
008 008 260114s9999 xx 000 0 hin d
020 _a9788132354215
037 _aEBOOK
040 _aCRL
_bhin
_cCRL
041 _ahin
_2hin
084 _qCRL
100 _aसुधा श्रीवास्तव / Govind Kumar
_9945225
245 0 _aपाचन तंत्र एवं चयापचय / Pachan tantra aur chayapachay
260 _bभाषा प्रकाशन / Bhasha Prakashan
_c2020
856 _uhttps://bhashaprakashan.com/product-details/382593
942 _cEBOOK
999 _c1536889
_d1536889